<?xml version="1.0" encoding="UTF-8"?>
<record
    xmlns:xsi="http://www.w3.org/2001/XMLSchema-instance"
    xsi:schemaLocation="http://www.loc.gov/MARC21/slim http://www.loc.gov/standards/marcxml/schema/MARC21slim.xsd"
    xmlns="http://www.loc.gov/MARC21/slim">

  <leader>01326nam a2200145   4500</leader>
  <controlfield tag="001">14061</controlfield>
  <controlfield tag="005">20260331105930.0</controlfield>
  <datafield tag="010" ind1=" " ind2=" ">
    <subfield code="a">9791093081212</subfield>
  </datafield>
  <datafield tag="090" ind1=" " ind2=" ">
    <subfield code="a">14061</subfield>
  </datafield>
  <datafield tag="099" ind1=" " ind2=" ">
    <subfield code="o">0</subfield>
  </datafield>
  <datafield tag="100" ind1=" " ind2=" ">
    <subfield code="a">20260331d        u||y0frey50      ba</subfield>
  </datafield>
  <datafield tag="200" ind1=" " ind2=" ">
    <subfield code="a">Les ombres qui font nos r&#xEA;ves</subfield>
    <subfield code="b">LIVR</subfield>
  </datafield>
  <datafield tag="214" ind1=" " ind2=" ">
    <subfield code="c">Les bras nus</subfield>
  </datafield>
  <datafield tag="330" ind1=" " ind2=" ">
    <subfield code="a">C'est l'histoire d'un r&#xEA;ve : un r&#xEA;ve d'un enfant du P&#xE9;rigord fran&#xE7;ais, Antoine, qui se veut roi d'un territoire de l'autre c&#xF4;t&#xE9; du monde, l'Araucanie, au Chili. A la mani&#xE8;re d'un Don Quichotte du XIXe si&#xE8;cle, Antoine r&#xEA;ve si fort que son royaume appara&#xEE;t : il est peupl&#xE9; de ces Indiens Araucans qui se nomment en fait Mapuche. En chemin, l'aventurier civilisateur a abandonn&#xE9; sa soeur, Or&#xE9;lie, &#xE0; sa condition de femme de campagne, et il doit sans cesse affronter ses propres d&#xE9;mons : les voix mauvaises qui le pers&#xE9;cutent et le ram&#xE8;nent &#xE0; son origine de petit paysan de province. A travers la rencontre du r&#xEA;ve paradoxal d'un Europ&#xE9;en et du combat d'un peuple autochtone apparaissent les tensions coloniales de l'&#xE9;poque puis, plus contemporaines, celles de la "nation" chilienne. Dans cette histoire aux accents carnavalesques o&#xF9; les croyances et les mythologies se m&#xE9;langent, on se demande dans le r&#xEA;ve de qui on se trouve et quel est le prix &#xE0; payer pour qu'il se r&#xE9;alise </subfield>
  </datafield>
  <datafield tag="700" ind1=" " ind2=" ">
    <subfield code="a">Navajo</subfield>
    <subfield code="b">M&#xE9;tie</subfield>
  </datafield>
  <datafield tag="995" ind1=" " ind2=" ">
    <subfield code="2">0</subfield>
    <subfield code="5">2026-03-31</subfield>
    <subfield code="9">13952</subfield>
    <subfield code="c">JOL</subfield>
    <subfield code="f">JOL-007761</subfield>
    <subfield code="k">TH NAV 10</subfield>
    <subfield code="o">0</subfield>
    <subfield code="b">JOL</subfield>
    <subfield code="r">LIVR</subfield>
  </datafield>
</record>
